Variable compleja y aplicaciones
Gardado en:
| Main Authors: | , |
|---|---|
| Formato: | Libro |
| Idioma: | Lingua castelá |
| Publicado: |
Madrid
McGraw-Hill
1986
|
| Subjects: | |
| Tags: |
Engadir etiqueta
Sen Etiquetas, Sexa o primeiro en etiquetar este rexistro!
|
MARC
| LEADER | 00000nam a2200000 a 4500 | ||
|---|---|---|---|
| 001 | UCW0690 | ||
| 003 | CL-VaPUC | ||
| 008 | 881007e19860000SP |||||||||||||||||spa|d | ||
| 082 | 0 | 4 | |a 515.9 |b CHU |2 21 |
| 100 | 0 | |a Churchill, Ruel Vance |e author |9 304595 | |
| 700 | 0 | |a Brown, James Ward |e author |9 304596 | |
| 245 | 1 | 0 | |a Variable compleja y aplicaciones |
| 300 | |a 404 p | ||
| 942 | |c BK | ||
| 945 | |d 19881007 00:00:00 | ||
| 260 | |a Madrid |b McGraw-Hill |c 1986 | ||
| 650 | 0 | |a Funciones de variables complejas |9 260212 | |
| 583 | |a last modification |c 19881007 00:00:00 |k Rodrigo Vera | ||
| 999 | |c 215760 |d 215758 | ||
| 952 | |0 0 |1 0 |4 0 |6 515_900000000000000_CHU_1986 |7 0 |8 A |9 200600 |a BIBMAT |b BIBMAT |d 2019-11-14 |i 267839K |o 515.9 CHU 1986 |p 267839K |r 2025-01-07 |w 2019-11-14 |y BK |k MAT | ||